| 000 | 00577nam a22002057a 4500 | ||
|---|---|---|---|
| 005 | 20251108173242.0 | ||
| 008 | 250721s2005 xx 000 0 ara d | ||
| 082 | 1 | 4 | _a928.11/شاب |
| 100 | 1 | _aمعتز، أشرف | |
| 245 | 1 | 0 | _aأبو القاسم الشابي / |
| 264 | 1 |
_aعمان : _bدار الإسراء للنشر والتوزيع، _c2005. |
|
| 300 | _a96ص | ||
| 650 | 1 | 7 | _aالشعر العربي |
| 650 | 1 | 7 | _aالعصر الحديث |
| 650 | 1 | 7 | _aالأدباء |
| 650 | 1 | 7 | _aالتراجم |
| 650 | 1 | 7 | _aتونس |
| 942 |
_2ddc _cBK |
||
| 999 |
_c99592 _d99592 |
||